| 000 | 00852nas a2200265 4500 | ||
|---|---|---|---|
| 001 | BR2012000181 | ||
| 003 | BR-BrBNA | ||
| 005 | 20231205115937.0 | ||
| 007 | ta | ||
| 008 | 230509b bl.|||p| |||| 00| 00por d | ||
| 040 |
_aBR-BrBNA _bpor _cBiblioteca Nacional de Agricultura |
||
| 041 | _a(Pt) | ||
| 072 | _aL70 | ||
| 100 | 1 | _aGuirro, E.C.B. do P. | |
| 100 | 1 | _aSobrinho, G.R. | |
| 100 | 1 | _aFerreira, I.M.M. | |
| 100 | 1 | _aValadão, C.A.A. | |
| 245 | 1 | _aEfeito comportamental, clínico e analgésico promovidos pela injeção epidural preventiva de morfina, xilazina ou clonidina, em equinos | |
| 650 | _aEQUÍNO | ||
| 650 | _aMEDICAMENTO | ||
| 650 | _aINJEÇÃO | ||
| 773 | 0 |
_tCiência Rural (Brazil) _xISSN 0103-8478 _g(Oct 2011), v. 41(10) p. 1790-1796 _wBR2012000181 |
|
| 909 |
_a202311 _bLúcia _c55 _dLúcia Elande |
||
| 942 |
_2AGRIS _n0 _cANA |
||
| 999 |
_c216408 _d216408 |
||